00486cam a2200181u 450000100060000000300080000600500170001400800390003103500190007004000330008904100080012208200200013010000330015024500380018326000530022130000210027465000090029518381BD-RjUL20211209000257.0140220r19621955enk 000 0 eng a(BD-RjUL)18439 aDLCcCarPdDLCdBD-RjULbeng aeng a821.9bEMC 19621 aEmpson, William,d1906-1984.00aCollected poems /cWilliam Empson aLondon :bChatto and Windus,c[Impression 1962]. a119 p. ;c23 cm. 0aPoem